Постановление ГКО СССР № 5337 с о плане добычи угля на март 1944 г. по Наркомату угольной промышленности, с приложением списков ...

RUSMARC
00005717cbm0a2200337#x 450
001f71bc61e-709e-4f9a-b181-3f5616930c43
00520250905130712.0
100##$a20250905j19440308k###0rusy50 ca
1010#$arus
102##$aRU
105##$ay###z########
1220#$ad19440308##
2001#$aПостановление ГКО СССР № 5337 с о плане добычи угля на март 1944 г. по Наркомату угольной промышленности, с приложением списков заводов, докладной записки Берии Л. П., Вознесенского Н. А., Вахрушева В. В. Сталину И. В. и перечня вопросов, вынесенных на утверждение Сталина И. В.
$j8 марта 1944 г.
251##$cДокумент
300##$aРассылочный и подлинный экземпляры
461#0$12001
$aФ. 644
$1251
$cФонд
$1852
$j644
462#0$12001
$aОп. 1
$1251
$cОпись
$1852
$j1
60101$2nlr_sh
$3RU\NLR\AUTH\6601614128
$aСССР
$bГосударственный Комитет Обороны
$xИстория
$z1941 - 1945
$jДокументы и материалы
605##$2prlib_sh
$3LIBNET\UAF\0000088514
$aВторая мировая война в архивных документах (Комплекс оцифрованных архивных документов, кино- и фотоматериалов)
$lколлекция
605##$2acquisition_Prlib
$3DITM\AF\0000002775
$aВласть
$lколлекция
6061#$2nlr_sh
$3RU\NLR\AUTH\661280795
$aВеликая Отечественная война
$z1941 - 1945
$xТыл(воен.)
$jДокументы и материалы
6061#$2nlr_sh
$3RU\NLR\AUTH\661323374
$aПромышленность
$xИстория
$yСССР
$z1941 - 1945
$jДокументы и материалы
6061#$2nlr_sh1
$3RU\NLR\AUTH\6649006
$aКаменноугольная промышленность
$yСССР
$jДокументы и материалы
6061#$2nlr_sh1
$3RU\NLR\AUTH\66519686
$aКаменный уголь
$xДобыча
$xИстория
$yСССР
$jДокументы и материалы
686##$a63.3(2)622,13ю1
$vLBC/M
$2rubbk
686##$a65.03(2)62ю1
$vLBC/M
$2rubbk
801#0$aRU
$bПБ им. Б.Н. Ельцина
$c20250905
801#1$aRU
$bПБ им. Б.Н. Ельцина
$c20250905
$2rusmarc
801#2$aRU
$bПБ им. Б.Н. Ельцина
$c20250905
$2rusmarc
850##$aРоссийский государственный архив социально-политической истории
852##$aРГАСПИ
$jД. 216. Л. 188-205; Оп. 2. Д. 292. Л. 78. Д. 293. Л. 67-90
035##$aLIBNET\0001496474
937##$d197656453
$hФедеральное архивное агентство
8564#$uhttp://readingroom.main.prlib.ru/item.aspx?id_node=n197656453&mode=full
Формат отображения